| 000 | 00542nam a22001937a 4500 | ||
|---|---|---|---|
| 005 | 20141124122606.0 | ||
| 010 | _aENG-111347 | ||
| 020 | _c33.00 | ||
| 035 | _aEN-94879 | ||
| 037 | _bDBAD/PUB | ||
| 082 | _a220 | ||
| 100 | _aGan-Chaudhuri, Jagadis | ||
| 245 |
_aThe vedic values / _cby Jagadis Gan-Chaudhuri |
||
| 260 |
_aNagpur _bAuthor _c2012 |
||
| 270 |
_aKanchan Apts.,Tikekar Road, Dhantoli _bNagpur |
||
| 300 |
_a63p. _c22cm(pbk) |
||
| 500 | _aIncludes bibliographical references | ||
| 942 |
_2ddc _cEN _mGAN _h220 |
||
| 999 |
_c90181 _d90181 |
||